000
00365nam a2200157Ia 4500
008
151213s9999 xx 000 0 und d
100
_a
Clifts Notes
245
_a
Oliver Twist Notes
_c
Clifts Notes
250
_a
1st
260
_a
U. S. A.
_b
C. K.
_c
1965
300
_a
4512 p.
650
_a
Critics
650
_a
English
700
_a
Clifts Notes
999
_c
2887
_d
2887